000 00409nam a22001697a 4500
003 MPLRDC
005 20220104113649.0
008 210129b ||||| |||| 00| 0 eng d
020 _a962-257-094-1
082 _a848.3 YS v.94
100 _a亦舒著
245 _a有过去的女人
_c
260 _a
_b天地图书有限公司
_c1988
300 _b
650 _a现代别集
942 _cBK
_o848.3 YS v.94
999 _c1394
_d1384